The Self Destructive Habits of Good Companies (Record no. 90769)

MARC details
000 -LEADER
fixed length control field 00479nam a2200193Ia 4500
008 - FIXED-LENGTH DATA ELEMENTS--GENERAL INFORMATION
fixed length control field 230125s9999 xx 000 0 und d
020 ## - INTERNATIONAL STANDARD BOOK NUMBER
International Standard Book Number 81-317-1379-2
041 ## - LANGUAGE CODE
Language code of text/sound track or separate title eng
082 ## - DEWEY DECIMAL CLASSIFICATION NUMBER
Classification number 658
Item number SHE
100 ## - MAIN ENTRY--PERSONAL NAME
Personal name Sheth J N
245 ## - TITLE STATEMENT
Title The Self Destructive Habits of Good Companies
260 ## - PUBLICATION, DISTRIBUTION, ETC. (IMPRINT)
Date of publication, distribution, etc. 2007
Name of publisher, distributor, etc. Pearson Education
Place of publication, distribution, etc. Delhi
300 ## - PHYSICAL DESCRIPTION
Extent 270p
500 ## - GENERAL NOTE
Keywords General Management
650 ## - SUBJECT ADDED ENTRY--TOPICAL TERM
Topical term or geographic name as entry element Management
700 ## - ADDED ENTRY--PERSONAL NAME
Personal name Sheth J N
906 ## - LOCAL DATA ELEMENT F, LDF (RLIN)
b 100
Holdings
Withdrawn status Lost status Damaged status Not for loan Home library Current library Date acquired Vendor Cost, normal purchase price Bill number Total Checkouts Full call number Barcode Date last seen Cost, replacement price Bill Date Koha item type Original Barcode
        Smt. Hiraben Nanavati Institute of Management & Research for Women Smt. Hiraben Nanavati Institute of Management & Research for Women 18/12/2007 Siddhivinayak Enterprises 499.00 188   658 SHE B05999 HIMR-BK-5999 25/01/2023 399.00 18/12/2007 Books B05999